Responses for Show #5684 - Thursday, April 30, 2009

Liz Murphy game 6.

Contestants

[<< previous game]

Jean Cui, a student originally from Garden City, New York

Larry Sullivan, a high school assistant principal from Fairfield, Connecticut

Liz Murphy, a foreign service officer originally from Scranton, Pennsylvania (whose 5-day cash winnings total $121,302)

[next game >>]

Jeopardy! Round responses

POLITICAL NICKNAMES
MOVIES IN MINIVANS
AD WEAR
YOU'RE A JEOPARDY! FAN IF…
PURPLE PROSE & POETRY
ALSO A COLOR
    $200 2
Calvin Coolidge

Jean
    $200 19
Shrek

Larry
    $200 11
Pillsbury

Larry
    $200 1
[The "Da-da-da-da..." in the clue is to the tune of the Final Jeopardy! "Think!" music.]

Germany, Italy & Japan

Jean
    $200 9
"America the Beautiful"

Liz
    $200 26
the green

Larry
    $400 3
Alexander Hamilton

Liz
    $400 20
Cars

Larry
    $400 12
Aunt Jemima

Liz
    $400 4
Art Fleming

Larry
    $400 10
a purple cow

Jean
    $400 27
red

Larry
    $600 6
Spiro Agnew

Jean
    $600 21
Monsters, Inc.

Larry
    $600 14
Mr. Peanut

Liz
    $600 5
morphine

Jean
    $600 13
Alice Walker

Jean
    $600 28
(LIz: What is purple?)

blue

LizLarry
    $800 7
Tom DeLay

Jean
    $800 22
The Incredibles

Larry
    $1,300 16
Morton's Salt

Jean
    $800 24
sudoku

Jean
    $800 15
(Larry: Who is Dionysus?)

Bacchus

LarryJean
    $800 29
Orange

Jean
    $1000 8
(John) Dingell

Liz
    $1000 23
A Bug's Life

Jean
    $1000 17
(Alex: Yes, Snap, Crackle, and Pop.)

Rice Krispies

Liz
    $1000 25
(Liz: What is Tennessee?)

Maryland

LizLarry
    $1000 18
Tennyson

Larry
    $1000 30
russet

Triple Stumper

Scores at the first commercial break (after clue 15):

Liz Larry Jean
$2,600 -$200 $4,200

Scores at the end of the Jeopardy! Round:

Liz Larry Jean
$2,000 $5,000 $8,100

Double Jeopardy! Round responses

MUSEUMS
BATTLES OF THE BULGE
A CATEGORY OF FEW WORDS
(Alex: …because all of the responses mean basically the same thing.)
FOOD, FAST
MARY, MARY
WHY YA BUGGIN'?
    $400 21
terse

Larry
    $400 1
pods

Larry
    $400 5
William and Mary

Liz
    $400 14
cricket

Larry
    $4,000 27
[The end-of-round signal sounds.]

Chicago

Jean
    $800 17
Oprah

Larry
    $800 22
Curt

Larry
    $800 2
soup

Larry
    $800 8
Mary Magdalene

Larry
    $800 15
an ant

Larry
    $1200 7
(Liz: What is London?)

Edinburgh

LizLarry
    $1200 18
Vince Vaughn

Larry
    $1200 23
pithy

Liz
    $1200 3
(Alex: Not quickly enough, Larry.)

a T-bone steak

Triple Stumper
    $1200 9
Mary Shelley

Liz
    $1200 16
a bee

Jean
    $1600 10
(Alexander) Pushkin

Liz
    $1600 19
Valerie Bertinelli

Larry
    $1600 24
succinct

Liz
    $1600 4
a bagel

Jean
    $1600 13
Mary Cassatt

Liz
    $1600 26
locust

Jean
    $2000 11
(Jean: What is Luxor?)
(Larry: What is the Valley of the Kings?)

(Alex: It was [*], not [*] the Magnificent, but [*].)

Karnak

LarryJean
Triple Stumper
    $2000 20
Ricky Gervais

Larry
    $2,700 25
concise

Liz
    $2000 6
(Liz: What is semolina?)
(Larry: What is alfalfa?)

farina

LizLarry
Triple Stumper
    $2000 12
Mary Surratt

Larry

Scores at the end of the Double Jeopardy! Round:

Liz Larry Jean
$9,100 $14,200 $14,500

[wagering suggestions for these scores]

Final Jeopardy! Round responses

EUROPEAN PLACE NAMES
LizWhat is Turkey?
$9,093
LarryWhat is Macedonia?
$14,195
JeanWhat Macedonia
$13,901
Monaco

Final scores:

Liz Larry Jean
$7 $5 $599
2nd place: $2,000 3rd place: $1,000 New champion: $599

Game dynamics:

Coryat scores:

Liz Larry Jean
$8,400 $14,200 $10,800
13 R
(including 1 DD),
4 W
24 R,
3 W
16 R
(including 2 DDs),
1 W

Combined Coryat: $33,400

[game clues] [game scores] [suggest correction]

Game tape date: 2009-02-18
The J! Archive is created by fans, for fans. Scraping, republication, monetization, and malicious use prohibited; this site may use cookies and collect identifying information. See terms. The Jeopardy! game show and all elements thereof, including but not limited to copyright and trademark thereto, are the property of Jeopardy Productions, Inc. and are protected under law. This website is not affiliated with, sponsored by, or operated by Jeopardy Productions, Inc. Join the discussion at JBoard.tv.